[Event "Teresina-ch"]
[Site "Teresina"]
[Date "2024.03.08"]
[Round "2"]
[White "Carvalho, Lazaro Miranda"]
[Black "Lima Filho, Jose Pacifico"]
[Result "1-0"]
[WhiteElo "1962"]
[BlackElo "1836"]
[PlyCount "106"]
[EventDate "2024.03.07"]
[EventType "swiss"]
[EventRounds "6"]
[EventCountry "BRA"]
[SourceTitle "CB11_2024"]
[SourceDate "2024.03.13"]
[SourceVersion "1"]
[SourceVersionDate "2024.03.13"]
[SourceQuality "1"]

1. d4 d5 2. c4 c6 3. Nc3 Nf6 4. Nf3 e6 5. c5 Nbd7 6. Bf4 Be7 7. e3 0-0 8. Be2 Nh5 9. 0-0 Nxf4 10. exf4 Bf6 11. Ne5 g6 12. Qd3 Bg7 13. b4 Nxe5 14. fxe5 a6 15. a4 Bd7 16. f4 Qe8 17. Rab1 f6 18. Qg3 fxe5 19. dxe5 Qe7 20. Bd3 a5 21. Qe3 Rfc8 22. Ne2 Bf8 23. Rfc1 axb4 24. Rxb4 b5 25. Qd4 Ra5 26. Kh1 bxa4 27. Rxa4 Rxc5 28. Rca1 Rb8 29. Ra7 Qd8 30. h3 Bc8 31. Qf2 Rb3 32. Qg3 Rb7 33. Ra8 Qc7 34. h4 Rb8 35. h5 Rxa8 36. Rxa8 Ra5 37. hxg6 h6 38. Rxa5 Qxa5 39. g7 Bxg7 40. Qg6 Qe1+ 41. Ng1 Qh4+ 42. Nh3 Qe7 43. Kh2 Kf8 44. g3 c5 45. f5 exf5 46. Bxf5 Bxf5 47. Qxf5+ Kg8 48. e6 d4 49. Nf4 c4 50. Qd5 c3 51. Ng6 Qf6 52. e7+ Kh7 53. e8Q Qxg6 1-0

[Event "BRA-ch 88th"]
[Site "Recife"]
[Date "2022.12.23"]
[Round "11"]
[White "Araujo, Henrique Jose Morai"]
[Black "Carvalho, Lazaro Miranda"]
[Result "1/2-1/2"]
[WhiteElo "2047"]
[BlackElo "1916"]
[PlyCount "56"]
[EventDate "2022.12.15"]
[EventType "swiss"]
[EventRounds "11"]
[EventCountry "BRA"]
[SourceTitle "CBM 212 Extra"]
[Source "ChessBase"]
[SourceDate "2023.03.31"]
[SourceVersion "1"]
[SourceVersionDate "2023.03.31"]
[SourceQuality "1"]

1. e4 e5 2. Nf3 Nc6 3. Nc3 Nf6 4. Bb5 Nd4 5. Nxd4 exd4 6. Ne2 Nxe4 7. Nxd4 Qf6 8. Nf3 c6 9. Be2 d5 10. 0-0 h6 11. d3 Ng5 12. Re1 Be6 13. Nxg5 hxg5 14. Bg4 Bd6 15. h3 Kd7 16. d4 Rh4 17. f3 Bxg4 18. fxg4 Rhh8 19. Be3 Qg6 20. Qd2 f6 21. Re2 Rhe8 22. Rae1 Re7 23. Bf2 Rae8 24. Rxe7+ Rxe7 25. Rxe7+ Kxe7 26. Qe2+ Kd7 27. Kf1 Qe8 28. Qxe8+ Kxe8 1/2-1/2

[Event "BRA-ch 88th"]
[Site "Recife"]
[Date "2022.12.21"]
[Round "9"]
[White "Carvalho, Lazaro Miranda"]
[Black "De Oliveira, Daniel Paiva"]
[Result "1-0"]
[WhiteElo "1916"]
[BlackElo "2063"]
[PlyCount "69"]
[EventDate "2022.12.15"]
[EventType "swiss"]
[EventRounds "11"]
[EventCountry "BRA"]
[SourceTitle "CBM 212 Extra"]
[Source "ChessBase"]
[SourceDate "2023.03.31"]
[SourceVersion "1"]
[SourceVersionDate "2023.03.31"]
[SourceQuality "1"]

1. d4 Nf6 2. c4 g6 3. Nc3 d5 4. cxd5 Nxd5 5. e4 Nxc3 6. bxc3 Bg7 7. Bc4 c5 8. Ne2 0-0 9. 0-0 Nc6 10. Be3 Qc7 11. Rc1 Rd8 12. Qd2 Ne5 13. Bb3 Ng4 14. Bf4 e5 15. Bg3 Bh6 16. f4 Qa5 17. h3 Nf6 18. Qc2 exd4 19. cxd4 cxd4 20. Rcd1 d3 21. Rxd3 Be6 22. Bxe6 Qb6+ 23. Kh2 Qxe6 24. e5 Rxd3 25. Qxd3 Nh5 26. f5 gxf5 27. Rxf5 Nxg3 28. Qxg3+ Kf8 29. Rf6 Qc4 30. Rxh6 Qxe2 31. Rxh7 Ke7 32. Qg5+ Ke6 33. Qf6+ Kd5 34. Qxf7+ Kd4 35. Rh4+ 1-0

[Event "BRA-ch 88th"]
[Site "Recife"]
[Date "2022.12.16"]
[Round "2"]
[White "Pereira, Silvio Cunha"]
[Black "Carvalho, Lazaro Miranda"]
[Result "1-0"]
[WhiteElo "2175"]
[BlackElo "1916"]
[PlyCount "94"]
[EventDate "2022.12.15"]
[EventType "swiss"]
[EventRounds "11"]
[EventCountry "BRA"]
[SourceTitle "CBM 212 Extra"]
[Source "ChessBase"]
[SourceDate "2023.03.31"]
[SourceVersion "1"]
[SourceVersionDate "2023.03.31"]
[SourceQuality "1"]

1. e4 c6 2. Nc3 d5 3. Nf3 dxe4 4. Nxe4 Nf6 5. Ng3 Bg4 6. Bc4 e6 7. h3 Bxf3 8. Qxf3 Bd6 9. 0-0 Nbd7 10. d4 0-0 11. Bd3 Qc7 12. Bd2 c5 13. c3 cxd4 14. cxd4 Nb6 15. Ne4 Be7 16. Nc5 Nbd5 17. Rac1 Qd8 18. g4 b6 19. Ne4 Rc8 20. Ng3 Rxc1 21. Rxc1 Bb4 22. Bg5 h6 23. Be3 Nxe3 24. fxe3 Bd6 25. Ne2 e5 26. d5 Bc5 27. Nc3 Re8 28. Bb5 Rf8 29. Rd1 Qe7 30. Ne4 Nxe4 31. Qxe4 Qh4 32. Qf3 f5 33. d6 f4 34. Kg2 Bxe3 35. Bc6 Rd8 36. d7 Bd4 37. b4 Qe7 38. b5 Qb4 39. Qb3+ Qxb3 40. axb3 Kf7 41. Kf3 Ke7 42. Rd2 Kd6 43. Ra2 Kc5 44. Rxa7 Kd6 45. Ke4 g6 46. Ra2 Kc5 47. h4 Kd6 1-0

[Event "Teresina Nordeste Cup"]
[Site "Teresina"]
[Date "2022.07.24"]
[Round "6"]
[White "Amorim, Gidelson Ferreira"]
[Black "Carvalho, Lazaro Miranda"]
[Result "1-0"]
[WhiteElo "2131"]
[BlackElo "1930"]
[PlyCount "95"]
[EventDate "2022.07.22"]
[EventType "swiss"]
[EventRounds "6"]
[EventCountry "BRA"]
[SourceTitle "CBM 209 Extra"]
[Source "ChessBase"]
[SourceDate "2022.09.30"]
[SourceVersion "1"]
[SourceVersionDate "2022.09.30"]
[SourceQuality "1"]

1. Nf3 Nf6 2. d4 d5 3. g3 e6 4. c4 Be7 5. Bg2 0-0 6. 0-0 dxc4 7. Qc2 a6 8. a4 c5 9. dxc5 Bxc5 10. Nbd2 b6 11. Ne5 Ra7 12. Ndxc4 Bb7 13. Bxb7 Rxb7 14. Rd1 Qe7 15. Be3 Nd5 16. Bd2 b5 17. axb5 axb5 18. Na5 Rc7 19. Qb3 Bb4 20. Nd3 Bxd2 21. Rxd2 b4 22. e4 Nf6 23. Re2 Na6 24. Ne5 Rfc8 25. Qa4 Rc1+ 26. Rxc1 Rxc1+ 27. Kg2 Qd6 28. Nac4 Qd1 29. Qxd1 Rxd1 30. Ne3 Rd8 31. f3 Kf8 32. Rc2 Ne8 33. Rc6 Rd2+ 34. Kh3 Nec7 35. N5c4 Rd3 36. Kg2 Ke7 37. Kf2 f6 38. Ke2 Rd8 39. Nb6 h5 40. h3 g5 41. f4 gxf4 42. gxf4 Rg8 43. f5 Rg3 44. fxe6 Ke8 45. Nbd5 Rxh3 46. Nxc7+ Nxc7 47. Rxc7 Rh2+ 48. Kd3 1-0

[Event "Teresina Nordeste Cup"]
[Site "Teresina"]
[Date "2022.07.22"]
[Round "1"]
[White "Carvalho, Lazaro Miranda"]
[Black "De Sousa Junior, Dinart Nunes"]
[Result "1-0"]
[WhiteElo "1930"]
[BlackElo "1327"]
[PlyCount "45"]
[EventDate "2022.07.22"]
[EventType "swiss"]
[EventRounds "6"]
[EventCountry "BRA"]
[SourceTitle "CBM 209 Extra"]
[Source "ChessBase"]
[SourceDate "2022.09.30"]
[SourceVersion "1"]
[SourceVersionDate "2022.09.30"]
[SourceQuality "1"]

1. d4 d5 2. c4 Bf5 3. Qb3 Nc6 4. cxd5 Nxd4 5. Qa4+ c6 6. Qxd4 cxd5 7. Nc3 Nf6 8. Bg5 h6 9. Bxf6 gxf6 10. e3 e5 11. Bb5+ Bd7 12. Qxd5 Bxb5 13. Qxb5+ Qd7 14. Nf3 0-0-0 15. Qxd7+ Rxd7 16. Ke2 Bb4 17. Rac1 Rhd8 18. a3 Bxc3 19. Rxc3+ Kb8 20. Rcc1 e4 21. Nd4 f5 22. g3 h5 23. h4 1-0

[Event "Piaui-ch sf1"]
[Site "Teresina"]
[Date "2022.04.10"]
[Round "5"]
[White "Carvalho, Lazaro Miranda"]
[Black "Dos Santos, Joao Mateus Araujo"]
[Result "1/2-1/2"]
[WhiteElo "1941"]
[BlackElo "1928"]
[PlyCount "172"]
[EventDate "2022.04.08"]
[EventType "swiss"]
[EventRounds "5"]
[EventCountry "BRA"]
[SourceTitle "EXT 2023"]
[Source "ChessBase"]
[SourceDate "2022.10.05"]
[SourceVersion "1"]
[SourceVersionDate "2022.10.05"]
[SourceQuality "1"]

1. c4 Nf6 2. Nf3 e6 3. Nc3 d5 4. d4 c6 5. cxd5 cxd5 6. Bg5 Be7 7. e3 Nc6 8. Bd3 h6 9. Bh4 a6 10. 0-0 Bd7 11. Rc1 b5 12. Ne5 b4 13. Nxc6 Bxc6 14. Na4 Bxa4 15. Qxa4+ Qd7 16. Qc6 Qxc6 17. Rxc6 Kd7 18. Rfc1 Ra7 19. Bg3 Rha8 20. f3 Ne8 21. e4 Bd6 22. exd5 Bxg3 23. dxe6+ fxe6 24. hxg3 Rc7 25. Be4 Raa7 26. Kf2 Nd6 27. Rxc7+ Rxc7 28. Rxc7+ Kxc7 29. Bd3 a5 30. Ke3 Ne8 31. Be4 Nf6 32. g4 Kd6 33. g3 Nd7 34. f4 Nb6 35. b3 Nc8 36. Kd3 Ke7 37. Bg2 Nd6 38. Bc6 Kf6 39. Ke3 Nf7 40. Bd7 Ke7 41. Bc6 Kf6 42. Kd3 Nd6 43. Ke3 Nf7 44. Be4 Nd6 45. Bd3 Nf7 46. f5 e5 47. Ke4 Nd6+ 48. Kd5 e4 49. Bxe4 Nb5 50. Kc5 Nc3 51. Bc2 Ke7 52. d5 Kd7 53. Kb6 Kd6 54. Kxa5 Nxd5 55. Bd3 Kc5 56. Ka6 Nc3 57. Kb7 Nxa2 58. Kc7 Kd4 59. Bc4 Ke5 60. Kc6 h5 61. gxh5 Kxf5 62. Kd6 Kg5 63. Bf7 Nc3 64. Kc5 Ne4+ 65. Kxb4 Nxg3 66. Ka5 Kf6 67. Bg6 Ne2 68. b4 Nd4 69. b5 Nxb5 70. Kxb5 Ke7 71. Kc5 Kf8 72. Bh7 Kf7 73. Kd5 g6 74. hxg6+ Kg7 75. Ke6 Kh8 76. Ke7 Kg7 77. Kd7 Kh8 78. Ke8 Kg7 79. Kd7 Kh8 80. Ke6 Kg7 81. Kf5 Kh8 82. Kg4 Kg7 83. Kh5 Kh8 84. Kg4 Kg7 85. Kf5 Kh8 86. g7+ Kxg7 1/2-1/2

[Event "Piaui-ch sf1"]
[Site "Teresina"]
[Date "2022.04.09"]
[Round "2"]
[White "Pacifico, Joao Paulo Alves"]
[Black "Carvalho, Lazaro Miranda"]
[Result "0-1"]
[WhiteElo "1228"]
[BlackElo "1941"]
[PlyCount "80"]
[EventDate "2022.04.08"]
[EventType "swiss"]
[EventRounds "5"]
[EventCountry "BRA"]
[SourceTitle "EXT 2023"]
[Source "ChessBase"]
[SourceDate "2022.10.05"]
[SourceVersion "1"]
[SourceVersionDate "2022.10.05"]
[SourceQuality "1"]

1. Nf3 Nf6 2. d4 d5 3. e3 Bg4 4. Be2 e6 5. c4 c6 6. Nc3 Bxf3 7. Bxf3 dxc4 8. Bd2 Nbd7 9. Qc2 Rc8 10. 0-0 b5 11. Rac1 Be7 12. Ne4 Nxe4 13. Bxe4 Nf6 14. Bf3 0-0 15. b4 Nd5 16. a3 Qc7 17. Bxd5 cxd5 18. f3 Bd6 19. f4 f5 20. Rf3 a5 21. Qb2 Qe7 22. Ra1 a4 23. Be1 h6 24. Rb1 Qc7 25. Rc1 g5 26. Bg3 c3 27. Qe2 g4 28. Rff1 Qc4 29. Rc2 Qb3 30. Rfc1 Qxa3 31. Qxb5 Qxb4 32. Qd3 Qa3 33. Be1 Rc4 34. Rxc3 Qxc1 35. Rxc1 Rxc1 36. Kf2 Rc4 37. Qb1 Rb8 38. Qa2 a3 39. Qa1 Rb2+ 40. Kg3 Rcc2 0-1

[Event "Sao Luis Franklin Memorial 29th"]
[Site "Sao Luis"]
[Date "2022.01.16"]
[Round "5"]
[White "Carvalho, Lazaro Miranda"]
[Black "Lima Filho, Jose Pacifico"]
[Result "1-0"]
[WhiteElo "1950"]
[BlackElo "1756"]
[PlyCount "87"]
[EventDate "2022.01.14"]
[EventType "swiss"]
[EventRounds "5"]
[EventCountry "BRA"]
[SourceTitle "CBM 206 Extra"]
[Source "ChessBase"]
[SourceDate "2022.03.31"]
[SourceVersion "1"]
[SourceVersionDate "2022.03.31"]
[SourceQuality "1"]

1. c4 c6 2. Nc3 d5 3. d4 Nf6 4. Nf3 dxc4 5. a4 e6 6. Ne5 Bb4 7. Nxc4 Nbd7 8. Qb3 a5 9. Bd2 0-0 10. e3 c5 11. Be2 cxd4 12. exd4 Nb6 13. Nxb6 Qxb6 14. 0-0 Qxd4 15. Be3 Qe5 16. Bf3 Bxc3 17. bxc3 Nd5 18. Bd4 Qg5 19. Rfe1 Qd8 20. Rad1 Bd7 21. Bc5 Re8 22. c4 Qc8 23. Ba3 Nb4 24. Bb2 Bc6 25. Qc3 f6 26. Bg4 Bxa4 27. Rd6 Qc7 28. Bxe6+ Kh8 29. Rd4 Ra6 30. Bf5 Re5 31. Rxe5 fxe5 32. Rh4 h6 33. Qxe5 Qxe5 34. Bxe5 Bc2 35. Bc8 Rb6 36. Bd4 Rd6 37. c5 Rd8 38. Bxb7 Rb8 39. Rxh6+ Kg8 40. Rb6 Rd8 41. Rd6 Rb8 42. Rd7 Nc6 43. Bxg7 Nd8 44. Bd5+ 1-0

[Event "Piaui-ch final"]
[Site "Teresina"]
[Date "2021.11.19"]
[Round "7"]
[White "Carvalho, Lazaro Miranda"]
[Black "Dos Santos, Joao Mateus Araujo"]
[Result "1-0"]
[WhiteElo "1953"]
[BlackElo "1777"]
[PlyCount "83"]
[EventDate "2021.11.11"]
[EventType "tourn"]
[EventRounds "9"]
[EventCountry "BRA"]
[SourceTitle "EXT 2023"]
[Source "ChessBase"]
[SourceDate "2022.10.05"]
[SourceVersion "1"]
[SourceVersionDate "2022.10.05"]
[SourceQuality "1"]

1. e4 e5 2. Nf3 Nc6 3. Bc4 Nf6 4. d3 Bc5 5. 0-0 d6 6. c3 a6 7. Bb3 Ba7 8. Nbd2 0-0 9. h3 h6 10. Re1 Nh5 11. Nf1 Qf6 12. Be3 Nf4 13. Bxa7 Rxa7 14. Ng3 Be6 15. d4 Bxb3 16. axb3 Raa8 17. d5 Ne7 18. Nh2 Qg6 19. Qg4 f5 20. Qxg6 Nfxg6 21. exf5 Nxf5 22. Nxf5 Rxf5 23. g3 Ne7 24. Rad1 Raf8 25. Rd2 Nc8 26. Ng4 Nb6 27. Ne3 R5f7 28. Ng2 Rf5 29. f4 Nd7 30. g4 R5f7 31. f5 g6 32. Nh4 g5 33. Nf3 Nf6 34. Kg2 Rh7 35. c4 Rc8 36. Kg3 Kf7 37. Rh2 c6 38. dxc6 bxc6 39. h4 gxh4+ 40. Rxh4 e4 41. g5 exf3 42. g6+ 1-0

[Event "Piaui-ch final"]
[Site "Teresina"]
[Date "2021.11.12"]
[Round "2"]
[White "Carvalho, Lazaro Miranda"]
[Black "Amorim, Gidelson Ferreira"]
[Result "1/2-1/2"]
[WhiteElo "1953"]
[BlackElo "2117"]
[PlyCount "94"]
[EventDate "2021.11.11"]
[EventType "tourn"]
[EventRounds "9"]
[EventCountry "BRA"]
[SourceTitle "EXT 2023"]
[Source "ChessBase"]
[SourceDate "2022.10.05"]
[SourceVersion "1"]
[SourceVersionDate "2022.10.05"]
[SourceQuality "1"]

1. c4 Nf6 2. Nf3 c5 3. Nc3 Nc6 4. g3 e6 5. Bg2 d5 6. cxd5 exd5 7. d4 h6 8. 0-0 Be6 9. b3 Rc8 10. Bb2 Be7 11. dxc5 Bxc5 12. Nb5 0-0 13. Nbd4 Bd7 14. Rc1 Qe7 15. Nxc6 bxc6 16. Qc2 Bb6 17. Ne5 Be8 18. Bh3 Rc7 19. e3 Ne4 20. Bf5 Nd6 21. Bh7+ Kh8 22. Bd3 Qe6 23. Qe2 f6 24. Ng6+ Bxg6 25. Bxg6 d4 26. Rfe1 dxe3 27. fxe3 Ne4 28. Qc4 Qxc4 29. Rxc4 Ng5 30. Kg2 Rd8 31. Rc2 Ne6 32. Kf3 Rcd7 33. h4 Nf8 34. Be4 c5 35. Ba3 Rd2 36. Rxd2 Rxd2 37. Re2 Rd1 38. Rc2 Nd7 39. Ke2 Rg1 40. Kf2 Ra1 41. Bc1 Ne5 42. Ke2 Kg8 43. a3 Kf8 44. Kd2 Ba5+ 45. Ke2 Bb6 46. Kd2 Ba5+ 47. Ke2 Bb6 1/2-1/2

[Event "Teresina Piauiense-ch sf3"]
[Site "Teresina"]
[Date "2021.09.18"]
[Round "2"]
[White "Carvalho, Lazaro Miranda"]
[Black "Do Nascimento, Joao Batista"]
[Result "1-0"]
[WhiteElo "1955"]
[BlackElo "1406"]
[PlyCount "41"]
[EventDate "2021.09.17"]
[EventType "swiss"]
[EventRounds "5"]
[EventCountry "BRA"]
[SourceTitle "EXT 2023"]
[Source "ChessBase"]
[SourceDate "2022.10.05"]
[SourceVersion "1"]
[SourceVersionDate "2022.10.05"]
[SourceQuality "1"]

1. d4 d5 2. c4 e6 3. Nc3 Nf6 4. cxd5 exd5 5. Bg5 Be7 6. e3 0-0 7. Bd3 h6 8. Bh4 Be6 9. Nge2 Nbd7 10. 0-0 c5 11. Rc1 cxd4 12. Nxd4 Ne5 13. Bb1 Rc8 14. Nxe6 fxe6 15. Nb5 Qb6 16. Nd4 Bc5 17. Bxf6 Rxf6 18. Nb3 Nc4 19. Nxc5 Rxc5 20. Qc2 Qxb2 21. Qxb2 1-0

[Event "Florianopolis op 7th"]
[Site "Florianopolis"]
[Date "2021.01.21"]
[Round "5"]
[White "Almeida, Douglas de Castro"]
[Black "Carvalho, Lazaro Miranda"]
[Result "1/2-1/2"]
[WhiteElo "1789"]
[BlackElo "1994"]
[PlyCount "105"]
[EventDate "2021.01.18"]
[EventType "swiss"]
[EventRounds "10"]
[EventCountry "BRA"]
[SourceTitle "CBM 200 Extra"]
[Source "ChessBase"]
[SourceDate "2021.03.31"]
[SourceVersion "1"]
[SourceVersionDate "2021.03.31"]
[SourceQuality "1"]

1. e4 e5 2. Nf3 Nc6 3. Bc4 Bc5 4. 0-0 Nf6 5. Re1 d6 6. d3 a6 7. a4 Bg4 8. h3 Bd7 9. c3 Ba7 10. Nbd2 h6 11. Nf1 Qe7 12. Be3 Bxe3 13. Nxe3 g6 14. d4 0-0 15. Qc2 Rae8 16. b4 exd4 17. Nd5 Nxd5 18. exd5 Ne5 19. Nxe5 dxe5 20. cxd4 e4 21. b5 Qg5 22. Ra3 axb5 23. axb5 Kh7 24. Rg3 Qf4 25. b6 cxb6 26. Qb1 Qf6 27. Rxe4 Rc8 28. Bb5 Bf5 29. Rf4 Rfd8 30. Bd3 Bxd3 31. Rxf6 Bxb1 32. Rxf7+ Kg8 33. Rxb7 Rxd5 34. Rxb6 Rc1+ 35. Kh2 Rxd4 36. Rgb3 Bd3 37. Ra3 Rc7 38. Rf6 Rf7 39. Rxf7 Kxf7 40. Ra5 Kf6 41. Kg3 h5 42. Kf3 Rd6 43. g4 h4 44. g5+ Ke6 45. Ra4 Rd5 46. Kg4 Bf5+ 47. Kxh4 Rd3 48. f3 Rxf3 49. Ra6+ Kf7 50. Ra7+ Kf8 51. Ra8+ Kf7 52. Ra7+ Kf8 53. Ra8+ 1/2-1/2

[Event "Florianopolis op 7th"]
[Site "Florianopolis"]
[Date "2021.01.21"]
[Round "6"]
[White "Carvalho, Lazaro Miranda"]
[Black "Marcondes, Igor Dalcol"]
[Result "1/2-1/2"]
[WhiteElo "1994"]
[BlackElo "1741"]
[PlyCount "82"]
[EventDate "2021.01.18"]
[EventType "swiss"]
[EventRounds "10"]
[EventCountry "BRA"]
[SourceTitle "CBM 200 Extra"]
[Source "ChessBase"]
[SourceDate "2021.03.31"]
[SourceVersion "1"]
[SourceVersionDate "2021.03.31"]
[SourceQuality "1"]

1. d4 Nf6 2. c4 e5 3. dxe5 Ng4 4. Bf4 Nc6 5. Nf3 Bb4+ 6. Nbd2 Qe7 7. e3 Ngxe5 8. Nxe5 Nxe5 9. Be2 d6 10. 0-0 Bxd2 11. Qxd2 0-0 12. Rac1 b6 13. b4 Rd8 14. Rfd1 Bb7 15. Qc3 a5 16. a3 axb4 17. axb4 Ra2 18. Bf1 Qh4 19. Bg3 Qf6 20. c5 bxc5 21. bxc5 Nf3+ 22. Kh1 Qxc3 23. Rxc3 Nd2 24. cxd6 cxd6 25. Rc7 Nxf1 26. Rxf1 Bd5 27. Rd1 Be6 28. h4 d5 29. Rb1 h5 30. Rbb7 Raa8 31. Be5 Rac8 32. Re7 Re8 33. Kh2 Rxe7 34. Rxe7 Rc6 35. Bd4 Kh7 36. Kg3 Kg6 37. Re8 Rc8 38. Rxc8 Bxc8 39. Kf4 f6 40. f3 Kf7 41. g4 g6 1/2-1/2

[Event "Florianopolis op 7th"]
[Site "Florianopolis"]
[Date "2021.01.20"]
[Round "4"]
[White "Carvalho, Lazaro Miranda"]
[Black "Do Valle Cardoso, Lucas"]
[Result "0-1"]
[WhiteElo "1994"]
[BlackElo "2308"]
[PlyCount "72"]
[EventDate "2021.01.18"]
[EventType "swiss"]
[EventRounds "10"]
[EventCountry "BRA"]
[SourceTitle "CBM 200 Extra"]
[Source "ChessBase"]
[SourceDate "2021.03.31"]
[SourceVersion "1"]
[SourceVersionDate "2021.03.31"]
[SourceQuality "1"]

1. d4 d5 2. c4 dxc4 3. e3 e5 4. Bxc4 exd4 5. exd4 Nf6 6. Ne2 Bd6 7. 0-0 0-0 8. Nbc3 a6 9. Ng3 Nc6 10. Bg5 h6 11. Be3 Ng4 12. Be2 Qh4 13. Bxg4 Bxg4 14. Qd2 Rad8 15. f3 Bc8 16. Qf2 Nxd4 17. Nce4 Nf5 18. Nxd6 Nxe3 19. Qxe3 Rxd6 20. Rad1 Rxd1 21. Rxd1 Qa4 22. Qb3 Qxb3 23. axb3 Be6 24. b4 Re8 25. Kf2 Kf8 26. Ne4 Bf5 27. Nc5 Bc8 28. Nd7+ Ke7 29. Nc5 Rd8 30. Re1+ Kf8 31. Re2 b6 32. Ne4 Rd4 33. Rc2 Rxb4 34. Rxc7 Rxb2+ 35. Kg3 Be6 36. Nd6 b5 0-1

[Event "Teresina op 7th"]
[Site "Teresina"]
[Date "2019.08.03"]
[Round "4"]
[White "Barros, Benone Gabriel Carv"]
[Black "Carvalho, Lazaro Miranda"]
[Result "0-1"]
[WhiteElo "1823"]
[BlackElo "1990"]
[PlyCount "70"]
[EventDate "2019.08.02"]
[EventType "swiss"]
[EventRounds "6"]
[EventCountry "BRA"]
[SourceTitle "EXT 2020"]
[Source "ChessBase"]
[SourceDate "2019.10.17"]
[SourceVersion "1"]
[SourceVersionDate "2019.10.17"]
[SourceQuality "1"]

1. e4 e5 2. Nf3 Nc6 3. Bc4 Bc5 4. b4 Bxb4 5. c3 Be7 6. d4 Na5 7. Nxe5 Nxc4 8. Nxc4 d5 9. exd5 Qxd5 10. Ne3 Qa5 11. 0-0 Nf6 12. Re1 0-0 13. Nc4 Qd5 14. Rxe7 Qxc4 15. Qb3 Qd3 16. Re3 Qf5 17. Re5 Qg4 18. h3 Qg6 19. Rg5 Qd3 20. Rg3 Qe2 21. Re3 Qa6 22. Ba3 Re8 23. Rxe8+ Nxe8 24. c4 Bf5 25. Nc3 c6 26. Na4 b6 27. Re1 Nf6 28. Bd6 Be6 29. Nb2 b5 30. cxb5 cxb5 31. Qa3 Qxa3 32. Bxa3 Bxa2 33. Nd3 a5 34. Ne5 b4 35. Ra1 Bd5 0-1

[Event "Teresina op 7th"]
[Site "Teresina"]
[Date "2019.08.02"]
[Round "2"]
[White "El Debs, Felipe de Cresce"]
[Black "Carvalho, Lazaro Miranda"]
[Result "1-0"]
[WhiteElo "2530"]
[BlackElo "1990"]
[PlyCount "103"]
[EventDate "2019.08.02"]
[EventType "swiss"]
[EventRounds "6"]
[EventCountry "BRA"]
[SourceTitle "EXT 2020"]
[Source "ChessBase"]
[SourceDate "2019.10.17"]
[SourceVersion "1"]
[SourceVersionDate "2019.10.17"]
[SourceQuality "1"]

1. d4 d5 2. c4 e6 3. Nf3 Nf6 4. g3 Be7 5. Bg2 0-0 6. 0-0 c6 7. Qc2 Ne4 8. Nbd2 f5 9. b3 Nd7 10. Bb2 Ndf6 11. Ne5 Bd7 12. Ndf3 Be8 13. Nd3 Bd6 14. Nfe5 Nd7 15. f3 Ng5 16. h4 Nf7 17. e4 dxe4 18. fxe4 Nh6 19. Nf4 Qe7 20. Nxd7 Bxd7 21. e5 Bc7 22. Bf3 g5 23. hxg5 Qxg5 24. Qh2 Ng4 25. Qh5 Bd8 26. Rae1 Qxh5 27. Nxh5 Be8 28. Nf4 Bf7 29. Kg2 Bb6 30. Rh1 Rad8 31. Bxg4 fxg4 32. Re4 Bg6 33. Nxg6 hxg6 34. Rxg4 Kg7 35. Ba3 Rh8 36. Rd1 Rd7 37. Rf1 Rf7 38. Rxf7+ Kxf7 39. Rf4+ Kg7 40. Be7 Bd8 41. Bf6+ Bxf6 42. Rxf6 Rd8 43. Rxe6 Rxd4 44. Re7+ Kf8 45. Rxb7 Rd2+ 46. Kf3 Rxa2 47. Kf4 a5 48. Kg5 a4 49. bxa4 Rxa4 50. Kf6 Ke8 51. e6 Ra8 52. Rh7 1-0

[Event "Teresina-ch"]
[Site "Teresina"]
[Date "2019.03.17"]
[Round "5.1"]
[White "Carvalho, Lazaro Miranda"]
[Black "Monteiro, Luis Felipe Furtado"]
[Result "1/2-1/2"]
[WhiteElo "1970"]
[BlackElo "1977"]
[PlyCount "64"]
[EventDate "2019.03.15"]
[EventType "swiss"]
[EventRounds "5"]
[EventCountry "BRA"]
[SourceTitle "EXT 2022"]
[Source "ChessBase"]
[SourceDate "2021.10.06"]
[SourceVersion "1"]
[SourceVersionDate "2021.10.06"]
[SourceQuality "1"]

1. d4 d5 2. c4 e6 3. Nc3 Nf6 4. cxd5 exd5 5. Bg5 c6 6. Qc2 Be7 7. e3 h6 8. Bh4 Be6 9. Bd3 Nbd7 10. Nge2 0-0 11. 0-0 Rc8 12. f3 Qb6 13. Bf2 c5 14. Bf5 Bxf5 15. Qxf5 cxd4 16. exd4 g6 17. Qh3 Rfd8 18. Nf4 Nf8 19. Ncxd5 Qd6 20. Nxe7+ Qxe7 21. Qxh6 Rc2 22. h4 Nd5 23. Rfe1 Qd6 24. Nd3 Ne6 25. h5 Ndf4 26. hxg6 fxg6 27. Ne5 Rxf2 28. Kxf2 Qxd4+ 29. Kg3 Qd2 30. Qh1 Nh5+ 31. Kh2 Qf4+ 32. Kg1 Qd4+ 1/2-1/2

[Event "Piaui-ch final"]
[Site "Teresina"]
[Date "2018.10.14"]
[Round "5"]
[White "Carvalho, Lazaro Miranda"]
[Black "Silva, Ronnyel Carlos Cunh"]
[Result "1/2-1/2"]
[WhiteElo "1951"]
[BlackElo "1785"]
[PlyCount "96"]
[EventDate "2018.10.11"]
[EventType "tourn"]
[EventRounds "9"]
[EventCountry "BRA"]
[SourceTitle "CBM 187 Extra"]
[Source "ChessBase"]
[SourceDate "2018.11.04"]
[SourceVersion "1"]
[SourceVersionDate "2018.11.04"]
[SourceQuality "1"]

1. e4 e5 2. Nf3 Nc6 3. Bc4 d6 4. h3 h6 5. Nc3 Nf6 6. d3 Be7 7. Be3 Be6 8. Nd5 0-0 9. Qd2 b6 10. 0-0-0 Na5 11. Nxf6+ Bxf6 12. Bb3 Nxb3+ 13. cxb3 a5 14. g4 a4 15. g5 axb3 16. a3 hxg5 17. Nxg5 Bxg5 18. Bxg5 f6 19. Be3 Kf7 20. f4 exf4 21. Bxf4 Qd7 22. Qc3 Rh8 23. h4 Rh5 24. d4 Rah8 25. Bg3 Rb5 26. Kb1 Ke7 27. Rc1 Kd8 28. Bf2 Kc8 29. d5 Bf7 30. a4 Rc5 31. Bxc5 dxc5 32. Qxb3 Qg4 33. Qh3 Qxh3 34. Rxh3 g5 35. Kc2 Bg6 36. Kd3 f5 37. e5 g4 38. Rhh1 f4+ 39. Ke2 Be4 40. Rcd1 Bf3+ 41. Kd3 Bxd1 42. Rxd1 Rxh4 43. Ke4 f3 44. Kf4 Rh5 45. Re1 f2 46. Rf1 g3 47. Kxg3 Rxe5 48. Rxf2 Rxd5 1/2-1/2

[Event "Teresina-ch"]
[Site "Teresina"]
[Date "2018.03.18"]
[Round "5.5"]
[White "Carvalho, Lazaro Miranda"]
[Black "Pinheiro, Francisco Das Chaga"]
[Result "1-0"]
[WhiteElo "1951"]
[BlackElo "1812"]
[PlyCount "49"]
[EventDate "2018.03.15"]
[EventType "swiss"]
[EventRounds "5"]
[EventCountry "BRA"]
[SourceTitle "EXT 2022"]
[Source "ChessBase"]
[SourceDate "2021.10.06"]
[SourceVersion "1"]
[SourceVersionDate "2021.10.06"]
[SourceQuality "1"]

1. Nf3 Nf6 2. b3 d5 3. Bb2 e6 4. e3 Be7 5. d4 0-0 6. Bd3 Nbd7 7. 0-0 c5 8. Nbd2 b6 9. Ne5 Bb7 10. f4 Ne4 11. Ndf3 f5 12. Nxd7 Qxd7 13. Ne5 Qd8 14. Rf3 Rc8 15. Rh3 Nf6 16. g4 fxg4 17. Nxg4 Ne4 18. Bxe4 dxe4 19. Rg3 Bf6 20. c4 Rc7 21. Qe2 Bh4 22. Rg2 Qe7 23. dxc5 Qxc5 24. Bd4 Qh5 25. Nf6+ 1-0